000 00531nam a2200193Ia 4500
003 GCL
008 140319s9999 xx 000 0 ara d
040 _aGCL /
_cGCL
082 0 4 _aط
_b813.01
_bغ ا
100 1 _aغسان كنفانى
245 1 0 _aاطفال غسان كنفانى /
_cغسان كنفانى
300 _a61 ص
490 _aقصص قصيرة
_v0
650 0 4 _aالقصص القصيرة
650 0 4 _aالاطفال
650 0 4 _aقصص الاطفال
650 0 4 _aادب الاطفال
942 _2ddc
_cBK
999 _c51225
_d51225